Venta de niños, prostitución infantil y utilización de niños en la pornografía; entrega de la comunicación escrita a la Relatora especial de las Naciones Unidas /
Պահպանված է:
| Հիմնական հեղինակ: | |
|---|---|
| Ձևաչափ: | Տեքստ |
| Խորագրեր: | |
| Ցուցիչներ: |
Ավելացրեք ցուցիչ
Չկան պիտակներ, Եղեք առաջինը, ով նշում է այս գրառումը!
|
MARC
| LEADER | 00000 a a2200000 04500 | ||
|---|---|---|---|
| 001 | 2352 | ||
| 003 | |||
| 040 | |||
| 100 | |a Caballero, María Ester | ||
| 245 | |a Venta de niños, prostitución infantil y utilización de niños en la pornografía; entrega de la comunicación escrita a la Relatora especial de las Naciones Unidas / |c María Ester Caballero | ||
| 650 | |a NIÑOS | ||
| 650 | |a ONU | ||
| 650 | |a VIOLENCIA | ||
| 650 | |a ABUSO DE MENORES | ||
| 650 | |a TRABAJO DE MENORES | ||
| 650 | |a DERECHOS DEL NIÑO | ||
| 650 | |a SOCIEDAD CIVIL | ||
| 650 | |a ESTADO | ||
| 650 | |a POLITICA GUBERNAMENTAL | ||
| 650 | |a DELITOS | ||
| 650 | |a PROBLEMAS SOCIALES | ||
| 773 | |g volumen 18, número 2; páginas 20-21 | ||
| 999 | |c 30076 |d 30076 | ||
